000 01990nam a2200361 i 4500
001 196204
003 ES-MaACL
005 20250511063048.0
008 240818s2023||||sp fr|||| 000 1 spa d
020 _a9788412646566
024 3 _a9788412646566
035 _a(OCoLC)1436705720
035 _a278551629
040 _aABES
_bfre
_eAFNOR
_cES-MaACL
041 0 _2639-2
100 _0(IdRef)278551688
_1http://www.idref.fr/278551688/id
_aHernández, Miguel Pedrero
_9238498
_eaut
245 1 3 _aLa mirada escondida /
_cMiguel Pedrero Hernández.
264 1 _aSantander :
_bLa Vorágine,
_c2023.
300 _a183 p. ;
_c21 cm.
336 _btxt
_2rdacontent
_atexto
337 _bn
_2rdamedia
_asin mediación
337 _bn
_2isbdmedia
_asin mediación
338 _bnga
_2RDAfrCarrier
_avolumen
500 _aEn la cubierta: "Premio Internacional de Literatura Antonio Machado 2023"
520 _aEl duro exilio español en Francia a partir del año 1939. 32 cuadros desaparecidos en plena arremetida nazi en ese país. Una compleja red para sacar a través de Los Pirineos a pilotos y personas en riesgo. Decenas de historias personales cruzadas por la clandestinidad, las ideas, los silencios y el apoyo mutuo. La mirada escondida es la novela que ha ganado el Premio Internacional de Literatura 2023 de la Fundación Antonio Machado de Collioure y es una oportunidad única de caminar junto aquellos hombres y mujeres que son parte de nuestra mejor herencia. Un ejercicio literario de memoria que representa a los miles de héroes y heroínas sin nombre que resisten al horror.
655 0 _aLiteratura española-
_2ram
_9234868
_xTextos
852 _aES-MaACL
_bR.154536
_cDEPOJ
_jN-9279
_hDonación: Editorial
_xEncuadernación rústica con solapas
_9205313
942 _cMONOGRAFIA
_n0
999 _c196204
_d196204
999 _baROSE